Detalles MARC
| 000 -LEADER |
| fixed length control field |
02125nam a2200409Ii 4500 |
| 001 - CONTROL NUMBER |
| control field |
DIGVEDIV0159 |
| 003 - CONTROL NUMBER IDENTIFIER |
| control field |
NyNyDIG |
| 008 - FIXED-LENGTH DATA ELEMENTS--GENERAL INFORMATION |
| fixed length control field |
140604s2010 sp a ob 000 0 spa d |
| 006 - FIXED-LENGTH DATA ELEMENTS--ADDITIONAL MATERIAL CHARACTERISTICS |
| fixed length control field |
m o d |
| 007 - PHYSICAL DESCRIPTION FIXED FIELD--GENERAL INFORMATION |
| fixed length control field |
cr ||||||||||| |
| 035 ## - SYSTEM CONTROL NUMBER |
| System control number |
(OCoLC)888344892 |
| 040 ## - CATALOGING SOURCE |
| Original cataloging agency |
DGITA |
| Language of cataloging |
eng |
| Description conventions |
rda |
| -- |
pn |
| Transcribing agency |
DGITA |
| 020 ## - INTERNATIONAL STANDARD BOOK NUMBER |
| International Standard Book Number |
9788499452159 |
| Qualifying information |
(eBook ; |
| -- |
pdf) |
| 020 ## - INTERNATIONAL STANDARD BOOK NUMBER |
| International Standard Book Number |
8499452159 |
| Qualifying information |
(eBook ; |
| -- |
pdf) |
| 050 14 - LIBRARY OF CONGRESS CALL NUMBER |
| Classification number |
BS2775.52 eBook |
| 245 03 - TITLE STATEMENT |
| Title |
La carta a los Hebreos / |
| Statement of responsibility, etc. |
Coordinador: Josep Oriol Tuñí. |
| 264 #1 - PRODUCTION, PUBLICATION, DISTRIBUTION, MANUFACTURE, AND COPYRIGHT NOTICE |
| Place of production, publication, distribution, manufacture |
Estella (Navarra), España : |
| Name of producer, publisher, distributor, manufacturer |
Asociación Bíblica Española : |
| -- |
Editorial Verbo Divino, |
| Date of production, publication, distribution, manufacture, or copyright notice |
[2010] |
| 300 ## - PHYSICAL DESCRIPTION |
| Extent |
1 online resource (72 pages) : |
| Other physical details |
illustrations |
| 336 ## - CONTENT TYPE |
| Content type term |
text |
| Content type code |
txt |
| Source |
rdacontent |
| 337 ## - MEDIA TYPE |
| Media type term |
computer |
| Media type code |
c |
| Source |
rdamedia |
| 338 ## - CARRIER TYPE |
| Carrier type term |
online resource |
| Carrier type code |
cr |
| Source |
rdacarrier |
| 490 1# - SERIES STATEMENT |
| Series statement |
Reseña bíblica, |
| International Standard Serial Number |
1134-5233 ; |
| Volume/sequential designation |
no. 66 |
| 504 ## - BIBLIOGRAPHY, ETC. NOTE |
| Bibliography, etc. note |
Includes bibliographical references. |
| 505 0# - FORMATTED CONTENTS NOTE |
| Formatted contents note |
A los Hebreos : un escrito con muchas puertas abiertas / Jordi Cervera I Valls -- La solidaridad de Jesús / Josep Oriol Tuñí -- El sacerdocio en Hebreos / Jaume Fontbona -- El mensaje teológico-moral de la carta a los Hebreos a la luz de 10, 19-25 / Gaspar Mora -- Hebreos : un itinerario místico al cielo / Jordi Cervera I Valle -- Salidas de entrada y entradas de salida / Raúl Becerril Avendaño -- Fe : memoria y esperanza / Juan Carlos García Domene. |
| 588 0# - SOURCE OF DESCRIPTION NOTE |
| Source of description note |
Online resource; title from ePub and PDF title page (Digitalia, viewed June 7, 2014) |
| 630 00 - SUBJECT ADDED ENTRY--UNIFORM TITLE |
| Uniform title |
Bible. |
| Name of part/section of a work |
Hebrews |
| General subdivision |
Criticism, interpretation, etc. |
| 655 #0 - INDEX TERM--GENRE/FORM |
| Genre/form data or focus term |
Electronic books. |
| 700 1# - ADDED ENTRY--PERSONAL NAME |
| Personal name |
Tuñí, Josep-Oriol, |
| Relator term |
editor. |
| 710 2# - ADDED ENTRY--CORPORATE NAME |
| Corporate name or jurisdiction name as entry element |
Asociación Bíblica Española. |
| 791 2# - |
| -- |
Digitalia (Firm), |
| -- |
distributor. |
| 793 0# - |
| -- |
Digitalia eBook Collection: |
| -- |
Editorial Verbo Divino. |
| 776 08 - ADDITIONAL PHYSICAL FORM ENTRY |
| Relationship information |
Print version: |
| Title |
Carta a los Hebreos. |
| Place, publisher, and date of publication |
Estella (Navarra) : Asociación Bíblica Española : Editorial Verbo Divino, [2010] |
| Record control number |
(OCoLC)844772404 |
| 830 #0 - SERIES ADDED ENTRY--UNIFORM TITLE |
| Uniform title |
Reseña bíblica ; |
| Volume/sequential designation |
no. 66. |
| 856 40 - ELECTRONIC LOCATION AND ACCESS |
| Materials specified |
Digitalia Hispánica |
| Uniform Resource Identifier |
<a href="https://www.digitaliapublishing.com/a/10253/">https://www.digitaliapublishing.com/a/10253/</a> |
| 910 ## - USER-OPTION DATA (OCLC) |
| User-option data |
Premium Collection: 2013 |
| 942 ## - ADDED ENTRY ELEMENTS (KOHA) |
| Koha item type |
Recurso Electrónico |